[Event "London CC-ch A"]
[Site "London CAN"]
[Date "2009.03.19"]
[Round "1"]
[White "Gibson, Kevin"]
[Black "Ruelland, Geoffrey"]
[Result "1-0"]
[WhiteElo "2107"]
[BlackElo "1989"]
[PlyCount "45"]
[GameId "2160767910231351"]
[EventDate "2009.03.19"]
[EventType "tourn"]
[EventRounds "12"]
[EventCountry "CAN"]
[SourceTitle "EXT 2022"]
[Source "ChessBase"]
[SourceDate "2021.10.06"]
[SourceVersion "1"]
[SourceVersionDate "2021.10.06"]
[SourceQuality "1"]

1. d4 Nf6 2. Nf3 g6 3. Bf4 Bg7 4. e3 d5 5. Bd3 O-O 6. h3 c5 7. c3 Nc6 8. O-O Qb6 9. Qc1 Nd7 10. Rd1 e5 11. dxe5 Ndxe5 12. Be2 Nxf3+ 13. Bxf3 d4 14. Na3 Be6 15. exd4 cxd4 16. Nc2 dxc3 17. bxc3 Bxc3 18. Rb1 Qa6 19. Nb4 Bxb4 20. Bxc6 Ba3 21. Qc3 bxc6 22. Qf6 Qa5 23. Bh6 1-0

[Event "London CC-ch A"]
[Site "London CAN"]
[Date "2009.03.19"]
[Round "1"]
[White "Jackson, David W"]
[Black "Ehrman, Carl"]
[Result "0-1"]
[WhiteElo "1965"]
[BlackElo "2116"]
[PlyCount "46"]
[GameId "2160767910231352"]
[EventDate "2009.03.19"]
[EventType "tourn"]
[EventRounds "12"]
[EventCountry "CAN"]
[SourceTitle "EXT 2022"]
[Source "ChessBase"]
[SourceDate "2021.10.06"]
[SourceVersion "1"]
[SourceVersionDate "2021.10.06"]
[SourceQuality "1"]

1. e4 d5 2. exd5 Qxd5 3. Nc3 Qa5 4. d4 Nf6 5. Bc4 Bg4 6. Nge2 e6 7. O-O Nbd7 8. d5 exd5 9. Nxd5 O-O-O 10. Bd2 Qc5 11. Ne3 Ne5 12. Bb3 Qd6 13. Nxg4 Nexg4 14. Bf4 Qb6 15. Qc1 Bc5 16. Bxf7 Nxf2 17. Rxf2 Bxf2+ 18. Kh1 Rhf8 19. Bb3 Rfe8 20. c4 Rxe2 21. Qc3 Qd4 22. Qh3+ Kb8 23. Bg5 Qd1+ 0-1

[Event "London CC-ch A"]
[Site "London CAN"]
[Date "2009.03.19"]
[Round "1"]
[White "Riley, Kelly"]
[Black "Coleman, Mike"]
[Result "1/2-1/2"]
[WhiteElo "2005"]
[BlackElo "2101"]
[PlyCount "28"]
[GameId "2160767910231353"]
[EventDate "2009.03.19"]
[EventType "tourn"]
[EventRounds "12"]
[EventCountry "CAN"]
[SourceTitle "EXT 2022"]
[Source "ChessBase"]
[SourceDate "2021.10.06"]
[SourceVersion "1"]
[SourceVersionDate "2021.10.06"]
[SourceQuality "1"]

1. c4 Nf6 2. Nf3 e6 3. g3 d5 4. Bg2 Be7 5. d4 O-O 6. O-O b6 7. Qc2 Bb7 8. Nbd2 Nc6 9. e3 Nb4 10. Qd1 Nd3 11. a3 a5 12. Qc2 Nxc1 13. Raxc1 c5 14. Rfd1 Qc7 1/2-1/2

[Event "London CC-ch A"]
[Site "London CAN"]
[Date "2009.03.19"]
[Round "1"]
[White "Thomas, Daniel"]
[Black "Mandoshkin, Jake"]
[Result "1-0"]
[WhiteElo "2124"]
[BlackElo "1959"]
[PlyCount "47"]
[GameId "2160767910231354"]
[EventDate "2009.03.19"]
[EventType "tourn"]
[EventRounds "12"]
[EventCountry "CAN"]
[SourceTitle "EXT 2022"]
[Source "ChessBase"]
[SourceDate "2021.10.06"]
[SourceVersion "1"]
[SourceVersionDate "2021.10.06"]
[SourceQuality "1"]

1. e4 c5 2. Nc3 Nc6 3. g3 d6 4. Bg2 g6 5. d3 Bg7 6. Be3 Nf6 7. h3 O-O 8. Nf3 Qb6 9. Rb1 Rd8 10. O-O Nd4 11. Nd2 Be6 12. f4 d5 13. Na4 Qc6 14. c3 Ne2+ 15. Qxe2 Qxa4 16. Bxc5 dxe4 17. Nxe4 Nxe4 18. Qxe4 Qxa2 19. Qxb7 Bf5 20. Ra1 Qe6 21. Rfe1 Qc8 22. Qxc8 Raxc8 23. d4 Re8 24. Bxe7 1-0

[Event "London CC-ch A"]
[Site "London CAN"]
[Date "2009.06.11"]
[Round "1"]
[White "Surlan, Dan"]
[Black "Van der Velde, Bill"]
[Result "0-1"]
[WhiteElo "2159"]
[BlackElo "1908"]
[PlyCount "34"]
[GameId "2160767910231355"]
[EventDate "2009.03.19"]
[EventType "tourn"]
[EventRounds "12"]
[EventCountry "CAN"]
[SourceTitle "EXT 2022"]
[Source "ChessBase"]
[SourceDate "2021.10.06"]
[SourceVersion "1"]
[SourceVersionDate "2021.10.06"]
[SourceQuality "1"]

1. e4 c5 2. Nf3 Nc6 3. Bb5 g6 4. O-O Bg7 5. c3 a6 6. Ba4 b5 7. Bc2 Bb7 8. d4 cxd4 9. cxd4 Nf6 10. Nc3 O-O 11. d5 Na5 12. e5 Ng4 13. Re1 Nc4 14. h3 Nxf2 15. Kxf2 Rc8 16. d6 exd6 17. exd6 Bxc3 0-1

[Event "London CC-ch A"]
[Site "London CAN"]
[Date "2009.03.26"]
[Round "2"]
[White "Francis, Robert James"]
[Black "Thomas, Daniel"]
[Result "1/2-1/2"]
[WhiteElo "1909"]
[BlackElo "2124"]
[PlyCount "77"]
[GameId "2160767910231356"]
[EventDate "2009.03.19"]
[EventType "tourn"]
[EventRounds "12"]
[EventCountry "CAN"]
[SourceTitle "EXT 2022"]
[Source "ChessBase"]
[SourceDate "2021.10.06"]
[SourceVersion "1"]
[SourceVersionDate "2021.10.06"]
[SourceQuality "1"]

1. c4 Nf6 2. Nc3 g6 3. g3 Bg7 4. Bg2 c5 5. Nf3 Nc6 6. O-O O-O 7. d4 cxd4 8. Nxd4 Nxd4 9. Qxd4 d6 10. e4 Be6 11. Qd3 Rc8 12. Nd5 Ng4 13. Bf4 h6 14. h4 Ne5 15. Bxe5 Bxe5 16. Rab1 Bd7 17. Rfc1 e6 18. Ne3 Qe7 19. b3 Rfd8 20. Qd2 Kh7 21. Rd1 Bc6 22. Qb4 b6 23. Rd2 Qb7 24. Ng4 Bxe4 25. Nxe5 dxe5 26. Bxe4 Qxe4 27. Rbd1 Rxd2 28. Qxd2 Kg7 29. Kf1 Rc5 30. a4 a6 31. Qd6 Qc2 32. Rd3 a5 33. Rf3 e4 34. Qd4+ e5 35. Rxf7+ Kxf7 36. Qd7+ Kf6 37. Qd6+ Kf5 38. Qd7+ Kf6 39. Qd6+ 1/2-1/2

[Event "London CC-ch A"]
[Site "London CAN"]
[Date "2009.03.26"]
[Round "2"]
[White "Mandoshkin, Jake"]
[Black "Ehrman, Carl"]
[Result "0-1"]
[WhiteElo "1959"]
[BlackElo "2116"]
[PlyCount "84"]
[GameId "2160767910231357"]
[EventDate "2009.03.19"]
[EventType "tourn"]
[EventRounds "12"]
[EventCountry "CAN"]
[SourceTitle "EXT 2022"]
[Source "ChessBase"]
[SourceDate "2021.10.06"]
[SourceVersion "1"]
[SourceVersionDate "2021.10.06"]
[SourceQuality "1"]

1. e4 e6 2. Qe2 c5 3. Nc3 Nc6 4. Nf3 Nge7 5. d3 d5 6. Bf4 Ng6 7. Bg3 d4 8. Nb1 e5 9. Nbd2 b5 10. a4 Qa5 11. Qd1 bxa4 12. Be2 Be6 13. O-O Be7 14. c3 O-O 15. Rxa4 Qb5 16. Qc2 Rab8 17. Rb1 Rb7 18. cxd4 cxd4 19. Nc4 Nb4 20. Qd1 Bxc4 21. dxc4 Qc5 22. Ne1 Rfb8 23. Qc1 h6 24. Nd3 Qc6 25. Ra3 Bg5 26. Qd1 Nxd3 27. Bxd3 Rxb2 28. Rxb2 Rxb2 29. Rxa7 Qb6 30. Ra8+ Kh7 31. h4 Bxh4 32. Bxh4 Nxh4 33. Qg4 Qf6 34. Qg3 Ng6 35. c5 Qc6 36. Ra7 Qxc5 37. Rxf7 Qc1+ 38. Kh2 Qg5 39. Qf3 Nf4 40. Bf1 Rb1 41. Kg1 Qh4 42. g3 Qh3 0-1

[Event "London CC-ch A"]
[Site "London CAN"]
[Date "2009.03.26"]
[Round "2"]
[White "Ruelland, Geoffrey"]
[Black "Coleman, Mike"]
[Result "0-1"]
[WhiteElo "1989"]
[BlackElo "2101"]
[PlyCount "62"]
[GameId "2160767910231358"]
[EventDate "2009.03.19"]
[EventType "tourn"]
[EventRounds "12"]
[EventCountry "CAN"]
[SourceTitle "EXT 2022"]
[Source "ChessBase"]
[SourceDate "2021.10.06"]
[SourceVersion "1"]
[SourceVersionDate "2021.10.06"]
[SourceQuality "1"]

1. e4 c5 2. Nf3 d6 3. d4 cxd4 4. Nxd4 Nf6 5. Nc3 g6 6. Be3 Bg7 7. f3 O-O 8. Qd2 Nc6 9. Bc4 Bd7 10. O-O-O Ne5 11. Bb3 Rc8 12. Kb1 Nc4 13. Bxc4 Rxc4 14. h4 h5 15. Nde2 Re8 16. Bg5 b5 17. Rhe1 b4 18. Nd5 Nxd5 19. exd5 Bf5 20. Rc1 Qa5 21. Ng3 Rd4 22. Qf2 Bc8 23. Rxe7 Rxe7 24. Bxe7 Qxd5 25. Ne4 Qe5 26. c3 Rxe4 27. fxe4 Qxe4+ 28. Ka1 Qxe7 29. cxb4 Be6 30. Re1 Qd7 31. Qc2 Qb5 0-1

[Event "London CC-ch A"]
[Site "London CAN"]
[Date "2009.03.26"]
[Round "2"]
[White "Van der Velde, Bill"]
[Black "Demmery, Steve"]
[Result "0-1"]
[WhiteElo "1908"]
[BlackElo "2125"]
[PlyCount "126"]
[GameId "2160767910231359"]
[EventDate "2009.03.19"]
[EventType "tourn"]
[EventRounds "12"]
[EventCountry "CAN"]
[SourceTitle "EXT 2022"]
[Source "ChessBase"]
[SourceDate "2021.10.06"]
[SourceVersion "1"]
[SourceVersionDate "2021.10.06"]
[SourceQuality "1"]

1. g3 d5 2. Bg2 c5 3. d4 e6 4. Nf3 Nc6 5. c3 Bd6 6. O-O Nge7 7. Nbd2 f5 8. dxc5 Bxc5 9. Nb3 Bd6 10. Bg5 h6 11. Bxe7 Qxe7 12. Nh4 Rg8 13. Nd4 Nxd4 14. cxd4 g5 15. Nf3 Kf7 16. Ne5+ Bxe5 17. dxe5 b6 18. Rc1 Bb7 19. e3 Rgc8 20. Qd4 Rc7 21. Rc3 Rxc3 22. bxc3 Rc8 23. Rc1 Qa3 24. Qd2 Rc5 25. h3 Ba6 26. g4 fxg4 27. hxg4 Qa4 28. f3 Ra5 29. Rc2 Qc4 30. e4 Qc5+ 31. Kh2 dxe4 32. fxe4 Qxe5+ 33. Kh3 Bb5 34. Rc1 Ke7 35. Rd1 Qc7 36. Qd4 e5 37. Qb4+ Ke8 38. Rd5 a6 39. Rd2 Ra4 40. Qb2 Rc4 41. Rd3 Rb4 42. cxb4 Bxd3 43. a3 b5 44. Kh2 Qd6 45. Qc3 Bc4 46. Kg3 Qd3+ 47. Qxd3 Bxd3 48. Kf3 Ke7 49. Ke3 Bc4 50. Bf3 Kf6 51. Kd2 Bf7 52. Kc3 Be6 53. Be2 h5 54. gxh5 g4 55. Kd2 Kg5 56. Bf1 Kxh5 57. Ke3 Kh4 58. Kf2 g3+ 59. Kf3 Bg4+ 60. Kg2 Bh3+ 61. Kg1 Bxf1 62. Kxf1 Kg4 63. Kg2 Kf4 0-1

[Event "London CC-ch A"]
[Site "London CAN"]
[Date "2009.03.26"]
[Round "2"]
[White "Zendrowski, Jay"]
[Black "Surlan, Dan"]
[Result "1-0"]
[WhiteElo "2275"]
[BlackElo "2159"]
[PlyCount "71"]
[GameId "2160767910231360"]
[EventDate "2009.03.19"]
[EventType "tourn"]
[EventRounds "12"]
[EventCountry "CAN"]
[SourceTitle "EXT 2022"]
[Source "ChessBase"]
[SourceDate "2021.10.06"]
[SourceVersion "1"]
[SourceVersionDate "2021.10.06"]
[SourceQuality "1"]

1. e4 e5 2. d4 exd4 3. Qxd4 Nc6 4. Qe3 Nf6 5. Nc3 Bb4 6. Bd2 d6 7. O-O-O O-O 8. Qg3 Qe7 9. Nd5 Bxd2+ 10. Rxd2 Nxd5 11. exd5 Ne5 12. f4 Ng6 13. Bd3 f5 14. h4 Qf6 15. Nf3 Bd7 16. h5 Ne7 17. Re1 h6 18. Bc4 Kh7 19. Ng5+ Kh8 20. Ne6 Rfc8 21. Qxg7+ Qxg7 22. Nxg7 Ng8 23. Ne6 Nf6 24. Bd3 Nxd5 25. Bxf5 Nxf4 26. Nxf4 Bxf5 27. g4 Bh7 28. Re7 Rf8 29. Ne6 Rf1+ 30. Rd1 Rf2 31. Rxc7 Re8 32. Nd4 Rg8 33. Rg1 Rf4 34. Nb5 Rgxg4 35. Re1 Rf5 36. Nxd6 1-0

[Event "London CC-ch A"]
[Site "London CAN"]
[Date "2009.04.02"]
[Round "3"]
[White "Demmery, Steve"]
[Black "Zendrowski, Jay"]
[Result "1-0"]
[WhiteElo "2125"]
[BlackElo "2275"]
[PlyCount "57"]
[GameId "2160767910231361"]
[EventDate "2009.03.19"]
[EventType "tourn"]
[EventRounds "12"]
[EventCountry "CAN"]
[SourceTitle "EXT 2022"]
[Source "ChessBase"]
[SourceDate "2021.10.06"]
[SourceVersion "1"]
[SourceVersionDate "2021.10.06"]
[SourceQuality "1"]

1. d4 Nf6 2. c4 c5 3. d5 b5 4. a4 b4 5. Nd2 g6 6. b3 d6 7. Bb2 Bg7 8. e4 O-O 9. Be2 Re8 10. Qc2 e6 11. O-O-O exd5 12. cxd5 Qe7 13. f3 Nbd7 14. Bb5 a6 15. Bc6 Ra7 16. Nc4 Rf8 17. Ne2 Ne8 18. Bxg7 Nxg7 19. Ng3 Nb8 20. Rhe1 Qc7 21. e5 dxe5 22. Nxe5 Nxc6 23. Nxc6 Qf4+ 24. Kb1 Rc7 25. Qxc5 Rxc6 26. Qxc6 Nf5 27. Re4 Qh6 28. Re8 Nxg3 29. Qxc8 1-0

[Event "London CC-ch A"]
[Site "London CAN"]
[Date "2009.04.02"]
[Round "3"]
[White "Ehrman, Carl"]
[Black "Francis, Robert James"]
[Result "1/2-1/2"]
[WhiteElo "2116"]
[BlackElo "1909"]
[PlyCount "93"]
[GameId "2160767910231362"]
[EventDate "2009.03.19"]
[EventType "tourn"]
[EventRounds "12"]
[EventCountry "CAN"]
[SourceTitle "EXT 2022"]
[Source "ChessBase"]
[SourceDate "2021.10.06"]
[SourceVersion "1"]
[SourceVersionDate "2021.10.06"]
[SourceQuality "1"]

1. c4 c5 2. Nc3 Nf6 3. e4 Nc6 4. g3 g6 5. Bg2 Bg7 6. f4 d6 7. Nf3 O-O 8. O-O Rb8 9. d3 a6 10. a4 Bd7 11. h3 Nb4 12. Be3 Ne8 13. Qe2 b6 14. d4 Nc6 15. Rfd1 cxd4 16. Nxd4 Nc7 17. Nxc6 Bxc6 18. e5 Bxg2 19. Kxg2 Qd7 20. exd6 exd6 21. Qf3 Qe6 22. Rac1 b5 23. cxb5 axb5 24. a5 b4 25. Ne4 Nb5 26. Bb6 Rfe8 27. Rd5 Qxe4 28. Qxe4 Rxe4 29. Kf3 Bxb2 30. Rxb5 Rxf4+ 31. gxf4 Bxc1 32. Rxb4 Ra8 33. Ke4 Kf8 34. Kd5 Ke7 35. Kc6 Bd2 36. Ra4 Bxa5 37. Rxa5 Rxa5 38. Bxa5 Kf6 39. Kxd6 Kf5 40. Bd2 f6 41. Ke7 g5 42. fxg5 fxg5 43. Be1 h5 44. Kf7 h4 45. Kg7 g4 46. hxg4+ Kxg4 47. Bxh4 1/2-1/2

[Event "London CC-ch A"]
[Site "London CAN"]
[Date "2009.04.02"]
[Round "3"]
[White "Gibson, Kevin"]
[Black "Mandoshkin, Jake"]
[Result "0-1"]
[WhiteElo "2107"]
[BlackElo "1959"]
[PlyCount "93"]
[GameId "2160767910231363"]
[EventDate "2009.03.19"]
[EventType "tourn"]
[EventRounds "12"]
[EventCountry "CAN"]
[SourceTitle "EXT 2022"]
[Source "ChessBase"]
[SourceDate "2021.10.06"]
[SourceVersion "1"]
[SourceVersionDate "2021.10.06"]
[SourceQuality "1"]

1. d4 Nf6 2. c4 e6 3. g3 c5 4. Nf3 cxd4 5. Nxd4 Bb4+ 6. Bd2 Bc5 7. Nb3 Be7 8. Bg2 Nc6 9. O-O O-O 10. Bc3 a5 11. Nd4 d5 12. cxd5 Nxd5 13. Nxc6 bxc6 14. Qc2 Ba6 15. Rd1 Qb6 16. Bd4 c5 17. Bc3 Rad8 18. Be4 f5 19. Bf3 Kh8 20. a3 Rf7 21. Be5 c4 22. Nc3 Bc5 23. e3 Nxc3 24. Qxc3 Rfd7 25. Rxd7 Rxd7 26. Rd1 Rxd1+ 27. Bxd1 Bf8 28. Qd4 Qxd4 29. Bxd4 Bb5 30. a4 Bc6 31. Be2 Bxa4 32. Bxc4 Bd7 33. Kf1 Kg8 34. Ke2 Kf7 35. Kd2 g5 36. Bc3 a4 37. Be5 Bb4+ 38. Ke2 Bc6 39. Bd3 g4 40. Bc2 Bb5+ 41. Kd1 Ke7 42. e4 Bd7 43. exf5 exf5 44. Ke2 Bb5+ 45. Ke3 Ke6 46. Bd4 Bd7 47. Kf4 0-1

[Event "London CC-ch A"]
[Site "London CAN"]
[Date "2009.04.02"]
[Round "3"]
[White "Thomas, Daniel"]
[Black "Van der Velde, Bill"]
[Result "1-0"]
[WhiteElo "2124"]
[BlackElo "1908"]
[PlyCount "39"]
[GameId "2160767910231364"]
[EventDate "2009.03.19"]
[EventType "tourn"]
[EventRounds "12"]
[EventCountry "CAN"]
[SourceTitle "EXT 2022"]
[Source "ChessBase"]
[SourceDate "2021.10.06"]
[SourceVersion "1"]
[SourceVersionDate "2021.10.06"]
[SourceQuality "1"]

1. e4 c5 2. Nc3 Nc6 3. g3 g6 4. Bg2 Bg7 5. d3 d6 6. Nge2 Nf6 7. O-O O-O 8. h3 Bd7 9. Be3 Rb8 10. Qd2 Qc8 11. Kh2 Re8 12. Bh6 b5 13. Bxg7 Kxg7 14. f4 h6 15. Nd1 e5 16. Ne3 Nd4 17. Rf2 Nxe2 18. Qxe2 exf4 19. Rxf4 Re7 20. Rxf6 1-0

[Event "London CC-ch A"]
[Site "London CAN"]
[Date "2009.04.09"]
[Round "4"]
[White "Demmery, Steve"]
[Black "Surlan, Dan"]
[Result "1-0"]
[WhiteElo "2124"]
[BlackElo "2159"]
[PlyCount "59"]
[GameId "2160767910231365"]
[EventDate "2009.03.19"]
[EventType "tourn"]
[EventRounds "12"]
[EventCountry "CAN"]
[SourceTitle "EXT 2022"]
[Source "ChessBase"]
[SourceDate "2021.10.06"]
[SourceVersion "1"]
[SourceVersionDate "2021.10.06"]
[SourceQuality "1"]

1. e4 e5 2. d4 Nc6 3. d5 Nce7 4. Bd3 d6 5. Ne2 c6 6. c4 f5 7. Nbc3 Nf6 8. Bg5 fxe4 9. Nxe4 Nxe4 10. Bxe4 Qa5+ 11. Nc3 cxd5 12. Bxe7 Bxe7 13. Qh5+ Kd8 14. cxd5 Qb4 15. Qe2 Bd7 16. O-O g5 17. Rac1 Rc8 18. Rc2 h5 19. Bg6 g4 20. Ne4 Rh6 21. Bf7 Rh7 22. Be6 Rh6 23. Bxd7 Rxc2 24. Qxc2 Kxd7 25. Rc1 Bd8 26. Qc8+ Ke8 27. Ng5 Qd2 28. Ne6 Rxe6 29. dxe6 Kf8 30. Qxd8+ 1-0

[Event "London CC-ch A"]
[Site "London CAN"]
[Date "2009.04.09"]
[Round "4"]
[White "Francis, Robert James"]
[Black "Gibson, Kevin"]
[Result "1-0"]
[WhiteElo "1909"]
[BlackElo "2107"]
[PlyCount "75"]
[GameId "2160767910231366"]
[EventDate "2009.03.19"]
[EventType "tourn"]
[EventRounds "12"]
[EventCountry "CAN"]
[SourceTitle "EXT 2022"]
[Source "ChessBase"]
[SourceDate "2021.10.06"]
[SourceVersion "1"]
[SourceVersionDate "2021.10.06"]
[SourceQuality "1"]

1. c4 g6 2. Nc3 Bg7 3. g3 c5 4. Bg2 Nc6 5. Nf3 Nf6 6. O-O O-O 7. d3 d6 8. Rb1 Ne8 9. Bd2 Nc7 10. a3 a5 11. Ne1 Bd7 12. Nc2 a4 13. Ne3 Nd4 14. Bxb7 Rb8 15. Bg2 Nb3 16. Ncd5 Ne6 17. Re1 Ned4 18. Nf1 e6 19. Nc3 Qe8 20. Ne4 Rb6 21. Bc3 f5 22. Ned2 Bc6 23. Bxc6 Qxc6 24. e3 Nxd2 25. Nxd2 Nb3 26. Bxg7 Kxg7 27. Nxb3 Rxb3 28. d4 Rfb8 29. Re2 Qe4 30. dxc5 dxc5 31. Qd7+ Kh6 32. Rd1 Qxc4 33. Red2 R3b7 34. Qd6 Rb6 35. Qe7 R6b7 36. Rd7 Rxd7 37. Rxd7 Qe4 38. h4 1-0

[Event "London CC-ch A"]
[Site "London CAN"]
[Date "2009.04.09"]
[Round "4"]
[White "Riley, Kelly"]
[Black "Ruelland, Geoffrey"]
[Result "0-1"]
[WhiteElo "2005"]
[BlackElo "1989"]
[PlyCount "76"]
[GameId "2160767910231367"]
[EventDate "2009.03.19"]
[EventType "tourn"]
[EventRounds "12"]
[EventCountry "CAN"]
[SourceTitle "EXT 2022"]
[Source "ChessBase"]
[SourceDate "2021.10.06"]
[SourceVersion "1"]
[SourceVersionDate "2021.10.06"]
[SourceQuality "1"]

1. Nf3 Nf6 2. g3 g6 3. d3 d5 4. Nbd2 Bg7 5. Bg2 c5 6. e4 Nc6 7. O-O O-O 8. h3 b6 9. Re1 e6 10. exd5 exd5 11. Nf1 Bb7 12. Bf4 Nh5 13. Bg5 Qc7 14. c3 h6 15. Bd2 Rfe8 16. Ne3 Nf6 17. Rc1 Rad8 18. Qa4 Qd7 19. Nf1 Qf5 20. d4 Ne4 21. Be3 Qd7 22. dxc5 bxc5 23. Rcd1 Qc7 24. Bf4 Qb6 25. Qc2 Qa5 26. a3 f5 27. h4 Kh7 28. Qc1 Qb6 29. Ne3 Na5 30. b4 Nb3 31. Qc2 c4 32. a4 Nxc3 33. h5 Nxd1 34. Rxd1 Re4 35. hxg6+ Qxg6 36. Nh4 Qe6 37. Bxe4 fxe4 38. Nxc4 Nd4 0-1

[Event "London CC-ch A"]
[Site "London CAN"]
[Date "2009.04.09"]
[Round "4"]
[White "Zendrowski, Jay"]
[Black "Thomas, Daniel"]
[Result "1-0"]
[WhiteElo "2275"]
[BlackElo "2124"]
[PlyCount "37"]
[GameId "2160767910231368"]
[EventDate "2009.03.19"]
[EventType "tourn"]
[EventRounds "12"]
[EventCountry "CAN"]
[SourceTitle "EXT 2022"]
[Source "ChessBase"]
[SourceDate "2021.10.06"]
[SourceVersion "1"]
[SourceVersionDate "2021.10.06"]
[SourceQuality "1"]

1. e4 c5 2. Nf3 d6 3. d4 cxd4 4. Nxd4 Nf6 5. Nc3 a6 6. Be2 e6 7. O-O Be7 8. f4 Qc7 9. Be3 Bd7 10. a4 O-O 11. Kh1 Nc6 12. Qe1 Nxd4 13. Bxd4 e5 14. fxe5 dxe5 15. Qg3 Bc6 16. Bxe5 Qb6 17. Rxf6 Bxf6 18. Bxf6 g6 19. Qg5 1-0

[Event "London CC-ch A"]
[Site "London CAN"]
[Date "2009.04.27"]
[Round "4"]
[White "Mandoshkin, Jake"]
[Black "Coleman, Mike"]
[Result "0-1"]
[WhiteElo "1959"]
[BlackElo "2101"]
[PlyCount "58"]
[GameId "2160767910231369"]
[EventDate "2009.03.19"]
[EventType "tourn"]
[EventRounds "12"]
[EventCountry "CAN"]
[SourceTitle "EXT 2022"]
[Source "ChessBase"]
[SourceDate "2021.10.06"]
[SourceVersion "1"]
[SourceVersionDate "2021.10.06"]
[SourceQuality "1"]

1. e4 c5 2. Nf3 d6 3. d4 cxd4 4. Nxd4 Nf6 5. Nc3 g6 6. Be3 Bg7 7. Be2 O-O 8. h4 h5 9. f3 Nc6 10. Qd2 Bd7 11. O-O Ne5 12. Rf2 Rc8 13. b3 Nh7 14. Nd5 e6 15. Nf4 Qxh4 16. Rd1 g5 17. g3 Qxg3+ 18. Rg2 Qh4 19. Rh2 Qg3+ 20. Ng2 Nc6 21. Nxc6 Bxc6 22. Rxh5 d5 23. Bf2 Qe5 24. Bd4 Qxd4+ 25. Qxd4 Bxd4+ 26. Rxd4 e5 27. Rb4 a5 28. Rb6 dxe4 29. fxe4 Bxe4 0-1

[Event "London CC-ch A"]
[Site "London CAN"]
[Date "2009.05.14"]
[Round "4"]
[White "Van der Velde, Bill"]
[Black "Ehrman, Carl"]
[Result "1-0"]
[WhiteElo "1908"]
[BlackElo "2116"]
[PlyCount "84"]
[GameId "2160767910231370"]
[EventDate "2009.03.19"]
[EventType "tourn"]
[EventRounds "12"]
[EventCountry "CAN"]
[SourceTitle "EXT 2022"]
[Source "ChessBase"]
[SourceDate "2021.10.06"]
[SourceVersion "1"]
[SourceVersionDate "2021.10.06"]
[SourceQuality "1"]

1. d4 c5 2. d5 f5 3. g3 Nf6 4. Bg2 d6 5. c4 Na6 6. Nc3 g6 7. Nh3 Bg7 8. Bd2 O-O 9. O-O Rb8 10. Qc1 Nc7 11. Bh6 e5 12. dxe6 Bxe6 13. Bxg7 Kxg7 14. b3 b5 15. cxb5 Nxb5 16. Nf4 Qe7 17. e3 Rfc8 18. Ncd5 Bxd5 19. Nxd5 Nxd5 20. Bxd5 Qe5 21. Qd2 Nc3 22. Bg2 c4 23. b4 Ne4 24. Bxe4 fxe4 25. a3 Rb5 26. Rfd1 Rc6 27. Rac1 c3 28. Qc2 a5 29. Rd4 axb4 30. axb4 d5 31. Qa4 Rbb6 32. Qb3 c2 33. Rxc2 Rxc2 34. Qxc2 Kh6 35. Qc5 Rd6 36. b5 Qe6 37. Ra4 Qg4 38. Qd4 Qe2 39. Ra7 Qxb5 40. Qg7+ Kh5 41. Qe5+ Kg4 42. Qf4+ Kh5 1-0

[Event "London CC-ch A"]
[Site "London CAN"]
[Date "2009.04.16"]
[Round "5"]
[White "Coleman, Mike"]
[Black "Francis, Robert James"]
[Result "1/2-1/2"]
[WhiteElo "2101"]
[BlackElo "1909"]
[PlyCount "27"]
[GameId "2160767910231371"]
[EventDate "2009.03.19"]
[EventType "tourn"]
[EventRounds "12"]
[EventCountry "CAN"]
[SourceTitle "EXT 2022"]
[Source "ChessBase"]
[SourceDate "2021.10.06"]
[SourceVersion "1"]
[SourceVersionDate "2021.10.06"]
[SourceQuality "1"]

1. e4 c6 2. d4 d5 3. exd5 cxd5 4. Bd3 Nf6 5. Nf3 Bg4 6. O-O Nc6 7. c3 e6 8. Re1 Qc7 9. h3 Bh5 10. Nbd2 Bd6 11. Nf1 Bg6 12. Ne3 Bxd3 13. Qxd3 O-O 14. Ng4 1/2-1/2

[Event "London CC-ch A"]
[Site "London CAN"]
[Date "2009.04.16"]
[Round "5"]
[White "Gibson, Kevin"]
[Black "Van der Velde, Bill"]
[Result "1-0"]
[WhiteElo "2107"]
[BlackElo "1908"]
[PlyCount "85"]
[GameId "2160767910231372"]
[EventDate "2009.03.19"]
[EventType "tourn"]
[EventRounds "12"]
[EventCountry "CAN"]
[SourceTitle "EXT 2022"]
[Source "ChessBase"]
[SourceDate "2021.10.06"]
[SourceVersion "1"]
[SourceVersionDate "2021.10.06"]
[SourceQuality "1"]

1. d4 d5 2. c4 e6 3. Nf3 Nf6 4. e3 Nbd7 5. Nc3 c6 6. Bd3 Bd6 7. O-O O-O 8. e4 dxe4 9. Nxe4 Nxe4 10. Bxe4 f5 11. Bc2 c5 12. Re1 Re8 13. Bg5 Qb6 14. Bxf5 Nf8 15. Rb1 cxd4 16. Qxd4 Bc5 17. Qh4 Bd7 18. Be4 h6 19. Bd2 Be7 20. Qg3 Bd6 21. Ne5 Qc7 22. Bd3 Bxe5 23. Rxe5 Bc6 24. Bxh6 Re7 25. Bf4 Rf7 26. Qh4 Qe7 27. Qxe7 Rxe7 28. Rbe1 Rd7 29. Be4 Rc8 30. Bxc6 Rxc6 31. R5e4 Ng6 32. Bg5 Kf7 33. h4 Nf8 34. b3 Nh7 35. Bc1 Nf6 36. R4e2 Rd3 37. Rd2 Rxd2 38. Bxd2 a5 39. Bxa5 Ra6 40. Bc3 Rxa2 41. Bxf6 Kxf6 42. Rd1 Rb2 43. Rd3 1-0

[Event "London CC-ch A"]
[Site "London CAN"]
[Date "2009.04.16"]
[Round "5"]
[White "Riley, Kelly"]
[Black "Mandoshkin, Jake"]
[Result "0-1"]
[WhiteElo "2005"]
[BlackElo "1959"]
[PlyCount "76"]
[GameId "2160767910231373"]
[EventDate "2009.03.19"]
[EventType "tourn"]
[EventRounds "12"]
[EventCountry "CAN"]
[SourceTitle "EXT 2022"]
[Source "ChessBase"]
[SourceDate "2021.10.06"]
[SourceVersion "1"]
[SourceVersionDate "2021.10.06"]
[SourceQuality "1"]

1. c4 e6 2. Nf3 Nf6 3. Nc3 c5 4. g3 Nc6 5. Bg2 Be7 6. e4 d6 7. O-O Qb6 8. d3 Bd7 9. Rb1 O-O 10. Nh4 Rad8 11. f4 Nd4 12. e5 Ne8 13. Be4 f5 14. Bg2 dxe5 15. fxe5 Bxh4 16. gxh4 Bc6 17. Rf2 Rd7 18. Ne2 Bxg2 19. Rxg2 Nf3+ 20. Kf2 Nxe5 21. Nf4 Nf6 22. Qe2 Neg4+ 23. Kg1 e5 24. Nd5 Nxd5 25. cxd5 c4+ 26. Kh1 cxd3 27. Qe1 e4 28. h3 Ne5 29. Be3 Nf3 30. Qf2 Qa5 31. Bc5 Qxa2 32. Rc1 d2 33. Rd1 Rc8 34. Ba3 Rc1 35. Qf1 Rdc7 36. d6 Rxd1 37. Qxd1 Rc1 38. Rxd2 Qb1 0-1